Vainqueurs du Master 1000 de Rome - Statistiques

Statistiques générales
  • Ce quiz a été pris 49 fois
  • Le résultat moyen est 26 sur 35
Statistiques - réponses
Champions % Correct
2021 Nadal
100%
2019 Nadal
100%
2018 Nadal
100%
2013 Nadal
100%
2012 Nadal
100%
2010 Nadal
100%
2009 Nadal
100%
2007 Nadal
100%
2006 Nadal
100%
2005 Nadal
100%
2022 Djokovic
97%
2020 Djokovic
97%
2015 Djokovic
97%
2014 Djokovic
97%
2011 Djokovic
97%
2008 Djokovic
97%
2024 Zverev
91%
2017 Zverev
91%
2023 Medvedev
88%
2016 Murray
88%
2002 Agassi
79%
1994 Sampras
76%
2004 Moya
56%
2001 Ferrero
53%
1999 Kuerten
53%
1993 Courier
47%
1992 Courier
47%
1996 Muster
38%
1995 Muster
38%
1990 Muster
38%
1998 Rios
38%
1997 Corretja
29%
2000 Norman
18%
2003 Mantilla
15%
1991 Sanchez
15%
Aucun quiz correspondant
Distribution des résultats
% des personnes avec chaque résultat
Percentile par nombre de réponses
Votre historique - résultats
Vous n’avez pas pris ce quiz